Théatre de Sedaine / (Record no. 172542)

MARC details
000 -LEADER
campo de control de longitud fija 00698nam a2200181 i 4500
001 - NÚMERO DE CONTROL
campo de control 172542
003 - IDENTIFICADOR DE NÚMERO DE CONTROL
campo de control ES-MaACL
005 - FECHA Y HORA DE LA ÚLTIMA TRANSACCIÓN
campo de control 20230906214941.0
008 - DATOS DE LONGITUD FIJA--INFORMACIÓN GENERAL
campo de control de longitud fija 090716s1878 fr |||| | fre d
080 ## - NÚMERO DE LA CLASIFICACIÓN DECIMAL UNIVERSAL
Número de la Clasificación Decimal Universal 821.133.1-2"17"
100 0# - ENTRADA PRINCIPAL--NOMBRE DE PERSONA
Nombre de persona Sedaine, Michel-Jean.
9 (RLIN) 105062
245 10 - MENCIÓN DEL TÍTULO
Título Théatre de Sedaine /
Mención de responsabilidad, etc. avec une introduction par M. Louis Moland.
260 ## - PUBLICACIÓN, DISTRIBUCIÓN, ETC.
Lugar de publicación, distribución, etc. Paris :
Nombre del editor, distribuidor, etc. Garnier Frères,
Fecha de publicación, distribución, etc. 1878.
300 ## - DESCRIPCIÓN FÍSICA
Extensión XLIV, 461, 36 p. ;
Dimensiones 19 cm.
505 8# - NOTA DE CONTENIDO CON FORMATO
Nota de contenido con formato Contiene : Le Diable à quatre ; Le Roi et le Fermier ; Rose et Colas ; Le Philosophe sans le savoir ; La Gageure imprévue ; Le Déserteur ; Richard Coeur de Lion
700 0# - ENTRADA AGREGADA--NOMBRE PERSONAL
Nombre de persona Moland, Louis.
9 (RLIN) 81839
852 ## - LOCALIZACIÓN
Ubicación ES-MaACL
Número de control de estantería E-12859
itemnumber R.139457
Holdings
Estatus retirado Estado de pérdida Estado de daño No para préstamo Colección Biblioteca de origen Biblioteca actual Ubicación en estantería Fecha de adquisición Fuente de adquisición Total de préstamos Signatura topográfica completa Código de barras Visto por última vez Precio de reemplazo Tipo de ítem Koha
        Libros del s. XIX Biblioteca del Ateneo de Madrid Biblioteca del Ateneo de Madrid Depósito 2 16/07/2009     E-12859 1181069 23/02/2023 23/02/2023 Libro impreso antiguo